000 00863pam a2200289 a 4500
001 916772
003 ARRUPE
005 20131002173340.0
008 821109s1983 maua b 001 0 eng
010 _a 82020895
020 _a0262030942
040 _aDLC
_cDLC
_dDLC
050 0 0 _aBF 121
_b.C85 1983
100 1 _aCummins, Robert,
_d1944-
_92046
245 1 4 _aThe nature of psychological explanation /
_cRobert Cummins.
260 _aCambridge, Mass. :
_bMIT Press,
_cc1983.
300 _ax, 219 p. :
_bill. ;
_c24 cm.
500 _a"A Bradford book."
500 _aIncludes index.
504 _aBibliography: p. [211]-215.
650 0 _aPsychology
_xPhilosophy.
_92047
650 0 _aHermeneutics.
_92048
650 0 _aCognition.
_92049
650 2 _aPsychology.
_920
906 _a7
_bcbc
_corignew
_d1
_eocip
_f19
_gy-gencatlg
942 _2lcc
_cMONOGRAPH
999 _c118234
_d118234